|
|
|
|
| LEADER |
00000naa2a2200000 4500 |
| 001 |
196162 |
| 005 |
20231031183011.0 |
| 035 |
|
|
|a (RuTPU)RU\TPU\book\214003
|
| 035 |
|
|
|a RU\TPU\tpu\13591
|
| 090 |
|
|
|a 196162
|
| 100 |
|
|
|a 20110519a1972 k y0rusy50 ca
|
| 101 |
0 |
|
|a rus
|
| 102 |
|
|
|a RU
|
| 200 |
1 |
|
|a О фациях и генезисе вторичных кварцитов северо-восточного горного обрамления Минусинской котловины
|f В. Г. Крюков, Ю. А. Фомин, В. К. Черепнин
|
| 320 |
|
|
|a Библиогр.: 9 назв.
|
| 463 |
|
0 |
|0 (RuTPU)RU\TPU\book\211476
|t Геохимия и условия образования руд золота и редких металлов
|o сборник статей
|f Академия наук СССР (АН СССР), Сибирское отделение (СО), Институт геологии и геофизики (ИГиГ) ; под ред. А. С. Митропольского
|v С. 104-112
|d 1972
|p 217 с.
|s Труды института геологии и геофизики СО АН СССР ; Вып. 149
|
| 610 |
1 |
|
|a труды учёных ТПУ
|
| 700 |
|
1 |
|a Крюков
|b В. Г.
|
| 701 |
|
1 |
|a Фомин
|b Ю. А.
|
| 701 |
|
1 |
|a Черепнин
|b В. К.
|c российский геолог
|c профессор Томского политехнического института
|f 1916-1985
|g Владимир Константинович
|2 stltpush
|3 (RuTPU)RU\TPU\pers\19885
|
| 801 |
|
1 |
|a RU
|b 63413507
|c 20071022
|g PSBO
|
| 801 |
|
2 |
|a RU
|b 63413507
|c 20110615
|g RCR
|
| 942 |
|
|
|c BK
|